000 00761nam a2200289Ia 4500
008 171120s9999 xx 000 0 und d
020 _a9.7805454252e+012
050 _a30
050 _bM885 2012
100 _aMorse, Jenifer Corr
245 _aScholastic 2013 book of world records /
245 _cby Jenifer Corr Morse.
250 _aFirst edition.
260 _aNew York :
260 _bScholastic,
260 _c2012
300 _a316 pages :
300 _bcolor illustrations ;
300 _c23cm.
500 _aIncludes index.
650 _aCuriosities and wonders --
650 _aCuriosities and wonders.
650 _aWorld records --
650 _xJuvenile literature.
650 _xJuvenile literature.
700 _aTitle.
999 _c345194
_d345194